00583nam a2200205 a 4500001001300000003000900013005001700022008004100039020001000080082001500090100001500105245002900120260003700149500003500186700001500221902000800236942000700244952011300251999001300364nice12345678IN_TiNIC20260116011259.0050524s1900 oxfa grp 000 0 eng  ac10000a297.1bPAL aPalmer, Mr aSacred Books of the East aOxford bClarendon Pressa c1900 aincludes index and biblioraphy1 aPalmer, Mr bRBA cBK 001040708RareBook->aHMIbHMId2007-08-28g100.00l0o297.1 PALp086r2007-08-28v100.00w2005-05-24yBK c144d144